Bí quyết vẽ phong cảnh

Na minha lista:
Detalhes bibliográficos
Autor principal: Huỳnh Phạm Hương Trang
Formato: Livro
Idioma:Undetermined
Publicado em: Hà Nội Mỹ Thuật 1996
Assuntos:
Tags: Adicionar Tag
Sem tags, seja o primeiro a adicionar uma tag!
Thư viện lưu trữ: Trung tâm Học liệu Trường Đại học Cần Thơ
LEADER 00550nam a2200193Ia 4500
001 CTU_39611
008 210402s9999 xx 000 0 und d
020 |b 30.000đ 
082 |a 751.7 
082 |b Tr106p 
100 |a Huỳnh Phạm Hương Trang 
245 0 |a Bí quyết vẽ phong cảnh 
245 0 |c Huỳnh Phạm Hương Trang 
260 |a Hà Nội 
260 |b Mỹ Thuật 
260 |c 1996 
650 |a painting,lanscape painting 
904 |i Minh, 001127 
980 |a Trung tâm Học liệu Trường Đại học Cần Thơ